|
|
|
|
| LEADER |
00000nam a2200000 a 4500 |
| 001 |
vtls001182365 |
| 003 |
SK-MaSNL |
| 005 |
20260301194629.0 |
| 008 |
251124s1993 UA e y 0 rus |
| 020 |
|
|
|a 5776317029
|
| 035 |
|
|
|a SNK000125383
|
| 040 |
|
|
|a SNK
|b slo
|c SNK
|e AACR2
|
| 044 |
|
|
|a UA
|
| 080 |
|
|
|a 808.2-316.1(038)
|2 1981
|
| 100 |
1 |
|
|a Kudrjavceva, L.A.
|4 aut
|9 575504
|
| 245 |
0 |
|
|a Obratnyj derivacionnyj slovar' russkich novoobrazovanij
|b Rekomendovano v kačestve učebnogo posobija Ministerstvom obrazovanija Ukrainy dlja studentov filologičeskich special'nostej
|c L.A. Kudrjavceva
|
| 260 |
|
|
|a Kijev
|b Institut systemnych issledovanij obrazovanija Ukrainy
|c 1993
|
| 300 |
|
|
|a 155 s.
|c 20 cm
|
| 650 |
0 |
7 |
|a ruština
|2 SNK
|9 1346
|
| 650 |
0 |
7 |
|a slovníky ruské
|2 SNK
|9 382848
|
| 919 |
|
|
|a 5-7763-1702-9
|
| 999 |
|
|
|c 882533
|d 884463
|
| 952 |
|
|
|t P60, <04>, [BOOK], {604}
|a SNK
|b SNK
|y VYP
|7 0
|p 17A0025738
|o snkID 95733
|i snkV 00032/96
|0 0
|1 0
|4 0
|d 1996-03-07
|l 0
|r 2005-01-01 00:00:00
|w 2026-02-24
|
| 952 |
|
|
|t P60, <04>, [BOOK], {604}
|a SNK
|b SNK
|y VYP
|7 0
|o snkID 95733 D1
|i snkV 336/96
|0 0
|1 0
|4 0
|d 1996-05-28
|l 0
|r 2005-01-01 00:00:00
|w 2026-02-24
|